MARC details
| 000 -CABECERA |
| campo de control de longitud fija |
02254nam a22002537a 4500 |
| 008 - DATOS DE LONGITUD FIJA--INFORMACIÓN GENERAL |
| campo de control de longitud fija |
250709b |||||||| |||| 00| 0 eng d |
| 020 ## - NÚMERO INTERNACIONAL ESTÁNDAR DEL LIBRO |
| Número Internacional Estándar del Libro |
9781465474773 |
| 040 ## - FUENTE DE LA CATALOGACIÓN |
| Centro/agencia transcriptor |
tbs |
| 041 ## - CÓDIGO DE LENGUA |
| Código de lengua del texto/banda sonora o título independiente |
eng |
| 245 ## - MENCIÓN DE TÍTULO |
| Título |
Writers |
| Resto del título |
: their lives and works |
| Mención de responsabilidad, etc. |
/ foreword by James Naughtie ; edited by Marek Walisiewicz, Diana Loxley, Johnny Murray, Kirsty Seymour-Ure. |
| 250 ## - MENCIÓN DE EDICIÓN |
| Mención de edición |
First American edition. |
| 260 ## - PUBLICACIÓN, DISTRIBUCIÓN, ETC. |
| Lugar de publicación, distribución, etc. |
New York, NY : |
| Nombre del editor, distribuidor, etc. |
DK Publishing, |
| Fecha de publicación, distribución, etc. |
2018. |
| 300 ## - DESCRIPCIÓN FÍSICA |
| Extensión |
360 pages : |
| Otras características físicas |
illustrations (some color), portraits (some color) ; |
| Dimensiones |
27 cm. |
| 520 ## - SUMARIO, ETC. |
| Sumario, etc. |
Explore the fascinating lives and loves of the greatest novelists, poets, and playwrights.<br/><br/>From William Shakespeare and Jane Austen to Gabriel García Márquez and Toni Morrison, Writers explores more than 100 biographies of the world’s greatest writers. Each featured novelist, playwright, or poet is introduced by a stunning portrait, followed by photography and illustrations of locations and artifacts important in their lives – along with pages from original manuscripts, first editions, and their correspondence. <br/><br/>Trace the friendships, loves, and rivalries that inspired each individual and affected their writing, revealing insights into the larger-than-life characters, plots, and evocative settings that they created. You will also uncover details each writer’s most famous pieces and understand the times and cultures they lived in – see how the world influenced them and how their works influenced the world.<br/><br/>Writers introduces key ideas, themes, and literary techniques of each figure, revealing the imaginations and personalities behind some of the world's greatest novels, short stories, poems, and plays. A diverse variety of authors are covered, from the Middle Ages to present day, providing a compelling glimpse into the lives of the people behind the page. |
| 650 #0 - PUNTO DE ACCESO ADICIONAL DE MATERIA--TÉRMINO DE MATERIA |
| Término de materia o nombre geográfico como elemento de entrada |
Authors |
| Subdivisión de forma |
Biography |
| 9 (RLIN) |
25731 |
| 655 #0 - TÉRMINO DE INDIZACIÓN--GÉNERO/FORMA |
| Datos o término principal de género/forma |
Biographies |
| 9 (RLIN) |
22503 |
| 700 ## - ENTRADA AGREGADA--NOMBRE PERSONAL |
| Nombre de persona |
Walisiewicz, Marek |
| 9 (RLIN) |
25095 |
| Término indicativo de función/relación |
editor |
| 700 ## - ENTRADA AGREGADA--NOMBRE PERSONAL |
| Nombre de persona |
Loxley, Diana |
| Fechas asociadas al nombre |
1957- |
| 9 (RLIN) |
25093 |
| Término indicativo de función/relación |
editor |
| 700 ## - ENTRADA AGREGADA--NOMBRE PERSONAL |
| Nombre de persona |
Murray, Johnny |
| 9 (RLIN) |
25732 |
| Término indicativo de función/relación |
editor |
| 700 ## - ENTRADA AGREGADA--NOMBRE PERSONAL |
| Nombre de persona |
Seymour-Ure, Kirsty |
| 9 (RLIN) |
25094 |
| Término indicativo de función/relación |
editor |
| 700 ## - ENTRADA AGREGADA--NOMBRE PERSONAL |
| Nombre de persona |
Naughtie, James |
| Fechas asociadas al nombre |
1951- |
| 9 (RLIN) |
25733 |
| Término indicativo de función/relación |
writer of foreword |
| 710 ## - ENTRADA AGREGADA--NOMBRE DE ENTIDAD CORPORATIVA |
| Nombre de entidad corporativa o nombre de jurisdicción como elemento de entrada |
DK Publishing, Inc. |
| 9 (RLIN) |
25653 |
| Término indicativo de función/relación |
issuing body |
| 942 ## - ELEMENTOS DE ENTRADA AGREGADA (KOHA) |
| Fuente del sistema de clasificación o colocación |
Clasificación de Library of Congress |